| 000 | 00778nam a22002417a 4500 | ||
|---|---|---|---|
| 003 | SISC | ||
| 005 | 20160317130855.0 | ||
| 008 | 130822t xxu||||| |||| 00| 0 eng d | ||
| 020 | _a9780805091656 | ||
| 050 |
_aPE 1112 _b.F6125 2009 |
||
| 082 |
_aHS 428.2 _b.F655 2009 |
||
| 100 |
_aFogarty, Mignon _912230 |
||
| 245 |
_aThe grammar devotional : _bdaily tips for successful writing from grammar girl / _cMignon Fogarty. |
||
| 250 | _a1st Holt paperbacks ed | ||
| 260 |
_aNew York : _bHenry Holt and Company, _cc2009. |
||
| 300 |
_a232 p. _bill, ; _c18 cm. |
||
| 500 | _aIncludes index. | ||
| 650 |
_aEnglish language. _xGrammar. _912231 |
||
| 650 |
_aEnglish language. _xRhetoric. _912232 |
||
| 650 |
_aReport writing. _91734 |
||
| 942 |
_2lcc _cBK |
||
| 999 |
_c9034 _d9034 |
||